| 000 | 00431nam a2200181Ia 4500 | ||
|---|---|---|---|
| 001 | 13686 | ||
| 005 | 20260306164819.0 | ||
| 008 | 260306t2012||||xx |||||||||||||| ||spa|| | ||
| 041 | _aESP | ||
| 082 |
_a005.13 _bJ67 |
||
| 100 |
_aJohnson, Mark J. _eAUT |
||
| 245 | 2 | _aA concise introduction to programming in Python | |
| 260 | _c2012 | ||
| 300 |
_axi, 205 p _c |
||
| 650 | _aGEN | ||
| 654 | _aCCC | ||
| 942 |
_cLIB _dJUS _fJUS _2ddc _n |
||
| 999 |
_c13686 _d13686 |
||